Singapore children's play and creativity : a socio-pschological study /
محفوظ في:
| المؤلف الرئيسي: | |
|---|---|
| التنسيق: | أطروحة كتاب |
| اللغة: | English |
| منشور في: |
1982.
|
| الموضوعات: | |
| الوسوم: |
إضافة وسم
لا توجد وسوم, كن أول من يضع وسما على هذه التسجيلة!
|
| LEADER | 00899cam a2200265 a 4500 | ||
|---|---|---|---|
| 001 | u33499 | ||
| 003 | SIRSI | ||
| 008 | 840607s1982 si v 00 1 eng m | ||
| 015 | |a X840004196 | ||
| 035 | |a AAD-6085 | ||
| 040 | |a UMM | ||
| 043 | |a a-si--- | ||
| 090 | |a LB1137 |b Cha | ||
| 100 | 1 | 0 | |a Chang, Anthony Pow Meng |
| 245 | 1 | 0 | |a Singapore children's play and creativity : |b a socio-pschological study / |c by Anthony Chang Pow Meng |
| 260 | |c 1982. | ||
| 300 | |a xii, 159 leaves : |b ill. ; |c 30cm | ||
| 500 | |a Typescript | ||
| 502 | |a Dissertation (M.Soc.Sc.) -- National University of Singapore, 1982 | ||
| 504 | 0 | 0 | |a Bibliography: leaves 156-159 |
| 650 | 0 | |a Play assessment (Child psychology) |z Singapore. | |
| 650 | 0 | |a Creative ability in children | |
| 948 | |a 16/03/1991 |b 14/08/2002 | ||
| 596 | |a 1 | ||
| 999 | |a LB1137 CHA |w LC |c 1 |i A002916250 |d 26/3/2010 |e 26/3/2010 |l STACKS |m P01UTAMA |n 9 |r Y |s Y |t TESIS |u 24/1/1992 | ||
